Our theatres in the nineties / (Record no. 136523)
[ view plain ]
| 000 -LEADER | |
|---|---|
| fixed length control field | 00588nam a2200193 4500 |
| 010 ## - LIBRARY OF CONGRESS CONTROL NUMBER | |
| LC control number | 013064 |
| 035 ## - SYSTEM CONTROL NUMBER | |
| System control number | 013064 |
| 037 ## - SOURCE OF ACQUISITION | |
| Source of stock number/acquisition | Cen Lib / Ret |
| 040 ## - CATALOGING SOURCE | |
| Original cataloging agency | DPL |
| Language of cataloging | EN |
| 082 ## - DEWEY DECIMAL CLASSIFICATION NUMBER | |
| Classification number | 882.9 |
| Item number | SHA |
| 100 ## - MAIN ENTRY--PERSONAL NAME | |
| Personal name | Shaw, Bernard |
| 245 ## - TITLE STATEMENT | |
| Title | Our theatres in the nineties / |
| Statement of responsibility, etc | by Bernard Shaw |
| 260 ## - PUBLICATION, DISTRIBUTION, ETC. (IMPRINT) | |
| Place of publication, distribution, etc | London |
| Name of publisher, distributor, etc | Constable and Co. |
| Date of publication, distribution, etc | 1948 |
| 270 ## - ADDRESS | |
| Address | Constable and Co. |
| City | London |
| 300 ## - PHYSICAL DESCRIPTION | |
| Extent | 2 v. ; v 2. 292p. |
| Other physical details | 24cm(Hb) |
| 650 ## - SUBJECT ADDED ENTRY--TOPICAL TERM | |
| Topical term or geographic name as entry element | Theater -- England -- London. |
| 650 ## - SUBJECT ADDED ENTRY--TOPICAL TERM | |
| Topical term or geographic name as entry element | English drama -- 19th century -- History and criticism. |
| 942 ## - ADDED ENTRY ELEMENTS (KOHA) | |
| Source of classification or shelving scheme | Dewey Decimal Classification |
| Koha item type | English Books |
| Classification part | 882.9 |
| Call number suffix | SHA |
| Withdrawn status | Lost status | Source of classification or shelving scheme | Materials specified (bound volume or other part) | Damaged status | Not for loan | Home library | Current library | Date acquired | Source of acquisition | Total Checkouts | Full call number | Barcode | Date last seen | Price effective from | Koha item type |
|---|---|---|---|---|---|---|---|---|---|---|---|---|---|---|---|
| Dewey Decimal Classification | v 2 | Central Library | Central Library | 04/03/2016 | Cen Lib/Ret | 882.9 SHA | 013064 | 04/03/2016 | 04/03/2016 | English Books |
